| 000 | 00436nam a2200169Ia 4500 | ||
|---|---|---|---|
| 005 | 20250508152959.0 | ||
| 008 | 008 250505s9999 xx 000 0 hin d | ||
| 037 | _aBooks to be hide in OPAC | ||
| 040 |
_aFEDL _beng _cFEDL |
||
| 041 |
_ahin _2eng |
||
| 084 |
_a891.43, RAM/O _qFEDL |
||
| 100 | _aRamdev | ||
| 245 | 0 | _aSahitya suman mala | |
| 300 | _a194p. | ||
| 942 |
_cHB _h891.43, RAM/O |
||
| 999 |
_c1339974 _d1339974 |
||